000
00257nam a2200097Ia 4500
001
692038
005
20250826161847.0
008
250824s9999 xx 000 0 und d
245
0
_a
DEVLETİ ALİYYE
_c
HALİL İNANCIK
260
_b
TÜRKİYE İŞ BANKASI YAYINLARI
999
_c
692038
_d
692038